000 00686nam a2200253Ia 4500
003 OSt
005 20221006145037.0
006 a|||||r|||| 00| 0
007 ta
008 221006b |||||||| |||| 00| 0 eng d
020 _a9780333619773
_c1851.00
024 _a13,595
037 _cTextual
040 _aEASL
_cEASL
_beng
041 _2eng
_aeng
082 _aV49D:3(Q7).N, N7
100 _aHAGHAYEGHI Mehrdad
_9477333
245 0 _aIslam and politics in central Asia
260 _aNew York
_bSt. Martins Press
_c1997
300 _a264p.
_ccm.
490 _v Oth
942 _hV49D:3(Q7).N, N7
_cTEXL
_2CC
999 _c1081681
_d1081681